01122cam a22002891 4500001001300000003000400013005001700017008004100034010001700075035001900092040005000111042001200161050002400173100004800197245015500245260002700400300005200427410007000479500007200549504002600621650003000647650002900677650004500706700002600751700002600777710002900803gs 37000003 DLC20260227111341.0830504s1936 nju 000 0 eng c ags 37000003  a(OCoLC)9478612 aU. S. Geol. Survey. LibrarycGStGdOCoLCdDLC apremarc00aTD224.N5bA47 no. 61 aBarksdale, Henry C.q(Henry Compton)d1898-10aSupplementary report on the ground-water supplies of the Atlantic City region,cby Henry C. Barksdale, Raymond W. Sundstrom, and Maurice S. Brunstein. a[Trenton, N.J.,c1936] aix, 139 p.bincl. maps, tables, diagrs.c23 cm.10aNew Jersey.bState Water Policy Commission.t[Special report,v6] a"Prepared in cooperation with the United States Geological Survey." a"References": p. 133. 0aWater-supplyzNew Jersey. 0aGroundwaterzNew Jersey. 0aWater-supplyzNew JerseyzAtlantic City.1 aSundstrom, Raymond W.1 aBrunstein, Maurice S.2 aGeological Survey (U.S.)